[Event "CECLUB Segunda División"]
[Site "Linares"]
[Date "2017.08.09"]
[Round "3"]
[White "Redondo Benavente, Ana"]
[Black "Podvin, Francois-xavier"]
[Result "1/2-1/2"]
[Board "4"]
[WhiteTitle "WFM"]
[WhiteElo "2022"]
[WhiteCountry "ESP"]
[WhiteFideId "32021674"]
[WhiteEloChange "4"]
[BlackElo "2167"]
[BlackCountry "FRA"]
[BlackFideId "677540"]
[BlackEloChange "-4"]

1. e4 {[%clk 1:30:57]} c5 {[%clk 1:30:24]} 2. c3 {[%clk 1:31:03]} g6 {[%clk
1:30:10]} 3. d4 {[%clk 1:30:34]} cxd4 {[%clk 1:30:23]} 4. cxd4 {[%clk 1:30:40]}
d5 {[%clk 1:30:31]} 5. exd5 {[%clk 1:28:41]} Nf6 {[%clk 1:28:14]} 6. Nc3 {[%clk
1:28:45]} Bg7 {[%clk 1:21:12]} 7. Nf3 {[%clk 1:27:36]} O-O {[%clk 1:17:09]} 8.
Bd3 {[%clk 1:26:08]} Nxd5 {[%clk 1:17:28]} 9. Qb3 {[%clk 1:23:01]} Nb6 {[%clk
1:11:10]} 10. Be3 {[%clk 1:20:26]} Be6 {[%clk 1:07:51]} 11. Qc2 {[%clk 1:19:49]}
Nc6 {[%clk 1:07:55]} 12. Ne2 {[%clk 0:59:45]} Nb4 {[%clk 1:01:45]} 13. Qd2 {[%clk
0:59:51]} Nxd3+ {[%clk 1:00:46]} 14. Qxd3 {[%clk 1:00:16]} Bf5 {[%clk 0:53:32]}
15. Qb3 {[%clk 0:59:43]} Be4 {[%clk 0:46:41]} 16. Bg5 {[%clk 0:48:34]} Qd5 {[%clk
0:42:40]} 17. Qxd5 {[%clk 0:43:53]} Nxd5 {[%clk 0:42:50]} 18. O-O {[%clk
0:42:58]} Bxf3 {[%clk 0:42:06]} 19. gxf3 {[%clk 0:43:21]} e6 {[%clk 0:39:06]} 20.
Rac1 {[%clk 0:41:10]} Rac8 {[%clk 0:38:23]} 21. Be3 {[%clk 0:38:33]} Nb4 {[%clk
0:37:00]} 22. a3 {[%clk 0:32:31]} Nc6 {[%clk 0:28:48]} 23. Rc5 {[%clk 0:24:58]}
Rcd8 {[%clk 0:26:12]} 24. Rd1 {[%clk 0:21:43]} Rd7 {[%clk 0:25:48]} 25. Rdc1
{[%clk 0:15:44]} Rfd8 {[%clk 0:25:21]} 26. Bg5 {[%clk 0:14:25]} Re8 {[%clk
0:21:37]} 27. Be3 {[%clk 0:13:45]} h6 {[%clk 0:21:16]} 28. b4 {[%clk 0:12:11]}
Red8 {[%clk 0:21:18]} 29. R5c4 {[%clk 0:11:19]} g5 {[%clk 0:16:37]} 30. Kg2
{[%clk 0:10:06]} Nxd4 {[%clk 0:16:15]} 31. Nxd4 {[%clk 0:10:18]} Bxd4 {[%clk
0:16:39]} 32. Bxd4 {[%clk 0:10:36]} Rxd4 {[%clk 0:17:02]} 33. Rxd4 {[%clk
0:10:58]} Rxd4 {[%clk 0:17:20]} 34. Rc7 {[%clk 0:11:25]} Rd6 {[%clk 0:17:00]} 35.
Rxb7 {[%clk 0:08:03]} Ra6 {[%clk 0:17:15]} 36. Kg3 {[%clk 0:08:12]} Kg7 {[%clk
0:15:03]} 37. f4 {[%clk 0:07:48]} Rxa3+ {[%clk 0:15:06]} 38. f3 {[%clk 0:08:12]}
Kg6 {[%clk 0:15:12]} 39. fxg5 {[%clk 0:08:30]} hxg5 {[%clk 0:15:34]} 40. b5
{[%clk 0:07:51]} f5 {[%clk 0:10:09]} 41. b6 {[%clk 0:07:40]} axb6 {[%clk
0:05:34]} 42. Rxb6 {[%clk 0:08:03]} Kf6 {[%clk 0:05:49]} 43. Kg2 {[%clk 0:07:28]}
Ra2+ {[%clk 0:04:52]} 44. Kg1 {[%clk 0:07:49]} Re2 {[%clk 0:04:17]} 45. Rb4
{[%clk 0:07:53]} Kg6 {[%clk 0:03:03]} 46. h4 {[%clk 0:07:39]} gxh4 {[%clk
0:01:19]} 47. Rxh4 {[%clk 0:08:07]} Kg5 {[%clk 0:01:31]} 48. Ra4 {[%clk 0:08:20]}
e5 {[%clk 0:01:15]} 49. Kf1 {[%clk 0:08:21]} Rb2 {[%clk 0:01:35]} 50. Rc4 {[%clk
0:08:27]} Kf6 {[%clk 0:01:47]} 51. Rc6+ {[%clk 0:08:52]} Kg5 {[%clk 0:02:05]} 52.
Rc4 {[%clk 0:09:21]} Rd2 {[%clk 0:02:20]} 53. Rc8 {[%clk 0:05:45]} Kf4 {[%clk
0:02:13]} 54. Rf8 {[%clk 0:05:01]} Ra2 {[%clk 0:02:27]} 55. Rf7 {[%clk 0:05:25]}
Ra5 {[%clk 0:01:15]} 56. Kf2 {[%clk 0:05:45]} Ra3 {[%clk 0:01:33]} 57. Kg2 {[%clk
0:06:09]} Rb3 {[%clk 0:01:17]} 58. Rf8 {[%clk 0:06:34]} Rb7 {[%clk 0:01:34]} 59.
Kf2 {[%clk 0:06:48]} Rb2+ {[%clk 0:01:01]} 60. Kf1 {[%clk 0:07:04]} Rh2 {[%clk
0:00:59]} 61. Rf7 {[%clk 0:07:06]} Rh3 {[%clk 0:01:15]} 62. Ke2 {[%clk 0:07:22]}
Rh5 {[%clk 0:01:19]} 63. Kf2 {[%clk 0:07:36]} Rh3 {[%clk 0:01:16]} 64. Ke2 {[%clk
0:07:48]} Rh2+ {[%clk 0:00:41]} 65. Kf1 {[%clk 0:08:11]} Rh8 {[%clk 0:00:47]} 66.
Kf2 {[%clk 0:08:32]} Rc8 {[%clk 0:00:53]} 67. Kf1 {[%clk 0:08:19]} Rc5 {[%clk
0:00:57]} 68. Rf8 {[%clk 0:08:28]} Rd5 {[%clk 0:00:45]} 69. Rf7 {[%clk 0:08:52]}
Rd8 {[%clk 0:00:49]} 70. Kf2 {[%clk 0:08:22]} Rh8 {[%clk 0:00:46]} 71. Kg2 {[%clk
0:07:49]} Rh5 {[%clk 0:01:06]} 72. Kf2 {[%clk 0:07:20]} Rh3 {[%clk 0:01:25]} 73.
Ke2 {[%clk 0:07:49]} Rh2+ {[%clk 0:01:03]} 74. Kf1 {[%clk 0:08:09]} Rb2 {[%clk
0:00:52]} 75. Rf8 {[%clk 0:08:35]} Rb3 {[%clk 0:00:43]} 76. Kg2 {[%clk 0:08:59]}
Rb7 {[%clk 0:00:50]} 77. Kf2 {[%clk 0:08:59]} Rb2+ {[%clk 0:01:12]} 78. Kf1
{[%clk 0:09:22]} e4 {[%clk 0:01:27]} 79. fxe4 {[%clk 0:09:44]} Kxe4 {[%clk
0:01:47]} 80. Rh8 {[%clk 0:05:35]} f4 {[%clk 0:02:09]} 81. Rh3 {[%clk 0:05:12]}
Kf5 {[%clk 0:02:34]} 82. Ra3 {[%clk 0:05:33]} Kg4 {[%clk 0:03:00]} 83. Rc3 {[%clk
0:05:52]} Rd2 {[%clk 0:02:50]} 84. Ra3 {[%clk 0:06:20]} f3 {[%clk 0:03:03]} 85.
Ra8 {[%clk 0:06:41]} Kg3 {[%clk 0:03:14]} 86. Rg8+ {[%clk 0:07:08]} Kf4 {[%clk
0:03:14]} 1/2-1/2

[Event "CECLUB Segunda División"]
[Site "Linares"]
[Date "2017.08.09"]
[Round "3"]
[White "Pazos Porta, Antonio"]
[Black "Cifuentes Parada, Roberto"]
[Result "1/2-1/2"]
[Board "1"]
[WhiteTitle "FM"]
[WhiteElo "2325"]
[WhiteCountry "ESP"]
[WhiteFideId "2263190"]
[WhiteEloChange "4"]
[BlackTitle "GM"]
[BlackElo "2474"]
[BlackCountry "ESP"]
[BlackFideId "2253488"]
[BlackEloChange "-2"]

1. e4 {[%clk 1:27:45]} c5 {[%clk 1:30:59]} 2. Nf3 {[%clk 1:27:18]} e6 {[%clk
1:31:22]} 3. g3 {[%clk 1:25:49]} Nf6 {[%clk 1:30:11]} 4. d3 {[%clk 1:22:32]} d5
{[%clk 1:30:05]} 5. Nbd2 {[%clk 1:20:47]} Nc6 {[%clk 1:30:28]} 6. Bg2 {[%clk
1:21:00]} Be7 {[%clk 1:30:51]} 7. O-O {[%clk 1:20:52]} O-O {[%clk 1:31:16]} 8.
Re1 {[%clk 1:19:32]} b5 {[%clk 1:23:15]} 9. e5 {[%clk 1:12:29]} Nd7 {[%clk
1:23:30]} 10. Nf1 {[%clk 1:12:48]} Rb8 {[%clk 1:22:56]} 11. h4 {[%clk 1:12:34]}
b4 {[%clk 1:22:22]} 12. Bf4 {[%clk 1:11:54]} Nb6 {[%clk 1:22:07]} 13. h5 {[%clk
1:08:13]} a5 {[%clk 1:19:34]} 14. h6 {[%clk 1:01:14]} g6 {[%clk 1:19:21]} 15. Qc1
{[%clk 1:00:39]} a4 {[%clk 1:16:10]} 16. N1h2 {[%clk 0:54:32]} a3 {[%clk
1:15:41]} 17. b3 {[%clk 0:52:14]} c4 {[%clk 1:14:35]} 18. d4 {[%clk 0:46:30]} Ba6
{[%clk 1:14:03]} 19. Qe3 {[%clk 0:43:28]} Rc8 {[%clk 1:13:59]} 20. Ng4 {[%clk
0:42:16]} Na7 {[%clk 1:13:51]} 21. Rec1 {[%clk 0:31:04]} Nd7 {[%clk 1:13:31]} 22.
Bf1 {[%clk 0:24:02]} cxb3 {[%clk 1:08:37]} 23. cxb3 {[%clk 0:23:34]} Bxf1 {[%clk
1:08:55]} 24. Kxf1 {[%clk 0:24:00]} Nb5 {[%clk 1:08:40]} 25. Rxc8 {[%clk
0:22:45]} Qxc8 {[%clk 1:09:06]} 26. Rc1 {[%clk 0:23:05]} Nc3 {[%clk 1:09:08]} 27.
Bg5 {[%clk 0:22:06]} Qd8 {[%clk 1:05:38]} 28. Bxe7 {[%clk 0:17:06]} Qxe7 {[%clk
1:05:49]} 29. Rc2 {[%clk 0:17:06]} f5 {[%clk 1:02:17]} 30. exf6 {[%clk 0:15:11]}
Nxf6 {[%clk 1:02:43]} 31. Nxf6+ {[%clk 0:14:53]} Qxf6 {[%clk 1:03:03]} 32. Kg2
{[%clk 0:13:09]} Qf5 {[%clk 1:01:45]} 33. Rd2 {[%clk 0:12:46]} Rc8 {[%clk
0:59:12]} 34. Rc2 {[%clk 0:12:05]} Re8 {[%clk 0:55:10]} 35. Qe5 {[%clk 0:11:36]}
Qf8 {[%clk 0:53:38]} 36. Qg5 {[%clk 0:10:50]} Ne4 {[%clk 0:50:47]} 37. Qe3 {[%clk
0:10:57]} Nc3 {[%clk 0:50:30]} 38. Qg5 {[%clk 0:10:45]} 1/2-1/2

[Event "CECLUB Segunda División"]
[Site "Linares"]
[Date "2017.08.09"]
[Round "3"]
[White "Gines Esteo, Pedro Antonio"]
[Black "Rey Malde, Henrique"]
[Result "1-0"]
[Board "2"]
[WhiteTitle "FM"]
[WhiteElo "2383"]
[WhiteCountry "ESP"]
[WhiteFideId "32080190"]
[WhiteEloChange "5"]
[BlackElo "2184"]
[BlackCountry "ESP"]
[BlackFideId "2244969"]
[BlackEloChange "-5"]

1. d4 {[%clk 1:30:58]} Nf6 {[%clk 1:28:04]} 2. Nf3 {[%clk 1:31:21]} c5 {[%clk
1:28:22]} 3. d5 {[%clk 1:31:49]} b5 {[%clk 1:28:42]} 4. Bg5 {[%clk 1:32:13]} Qb6
{[%clk 1:28:54]} 5. c4 {[%clk 1:31:32]} b4 {[%clk 1:20:14]} 6. Nbd2 {[%clk
1:31:48]} g6 {[%clk 1:18:56]} 7. e4 {[%clk 1:31:52]} d6 {[%clk 1:19:06]} 8. Bd3
{[%clk 1:30:24]} Nbd7 {[%clk 1:17:23]} 9. O-O {[%clk 1:30:41]} Bg7 {[%clk
1:17:34]} 10. h3 {[%clk 1:22:24]} O-O {[%clk 1:14:41]} 11. Re1 {[%clk 1:18:29]}
a5 {[%clk 1:13:36]} 12. Bc2 {[%clk 1:17:54]} Ra7 {[%clk 1:09:53]} 13. Nh2 {[%clk
1:14:03]} e6 {[%clk 0:51:20]} 14. Kh1 {[%clk 1:05:14]} e5 {[%clk 0:48:08]} 15.
Ba4 {[%clk 1:05:26]} h6 {[%clk 0:46:09]} 16. Bh4 {[%clk 1:05:20]} Rd8 {[%clk
0:43:46]} 17. Nhf1 {[%clk 0:54:44]} Nf8 {[%clk 0:42:32]} 18. Ne3 {[%clk 0:54:24]}
Bd7 {[%clk 0:40:42]} 19. Bxd7 {[%clk 0:54:36]} Rdxd7 {[%clk 0:39:41]} 20. Qf3
{[%clk 0:48:03]} N8h7 {[%clk 0:39:30]} 21. Ng4 {[%clk 0:34:43]} Nxg4 {[%clk
0:37:19]} 22. hxg4 {[%clk 0:34:31]} a4 {[%clk 0:36:47]} 23. Reb1 {[%clk 0:30:47]}
Rdb7 {[%clk 0:36:21]} 24. Qe3 {[%clk 0:30:31]} Qc7 {[%clk 0:35:29]} 25. f3 {[%clk
0:28:52]} Qd7 {[%clk 0:32:22]} 26. Rf1 {[%clk 0:28:28]} Qc8 {[%clk 0:30:39]} 27.
Rae1 {[%clk 0:28:16]} Qd7 {[%clk 0:30:15]} 28. Rf2 {[%clk 0:24:09]} Qc8 {[%clk
0:29:40]} 29. Nf1 {[%clk 0:24:22]} Qd7 {[%clk 0:29:32]} 30. Rfe2 {[%clk 0:24:47]}
Qc8 {[%clk 0:24:06]} 31. Qc1 {[%clk 0:23:44]} a3 {[%clk 0:21:33]} 32. b3 {[%clk
0:23:58]} Qf8 {[%clk 0:18:52]} 33. Bf2 {[%clk 0:22:02]} Bf6 {[%clk 0:17:11]} 34.
g3 {[%clk 0:21:55]} Kg7 {[%clk 0:15:20]} 35. Kg2 {[%clk 0:19:57]} Kg8 {[%clk
0:14:36]} 36. Nh2 {[%clk 0:17:45]} Bg7 {[%clk 0:13:55]} 37. Be3 {[%clk 0:16:29]}
g5 {[%clk 0:10:31]} 38. Rh1 {[%clk 0:16:10]} f6 {[%clk 0:09:03]} 39. Nf1 {[%clk
0:16:21]} Qd8 {[%clk 0:01:17]} 40. Bd2 {[%clk 0:16:45]} Nf8 {[%clk 0:01:22]} 41.
Ne3 {[%clk 0:17:08]} Ng6 {[%clk 0:00:38]} 42. Nf5 {[%clk 0:17:20]} Qf8 {[%clk
0:00:49]} 43. Kf1 {[%clk 0:16:25]} Nh8 {[%clk 0:00:38]} 44. Rh5 {[%clk 0:14:11]}
Nf7 {[%clk 0:00:57]} 45. Reh2 {[%clk 0:14:23]} Rd7 {[%clk 0:00:51]} 46. Ke2
{[%clk 0:14:19]} Rab7 {[%clk 0:00:44]} 47. Qh1 {[%clk 0:14:18]} Ra7 {[%clk
0:01:00]} 48. Be3 {[%clk 0:13:11]} Rac7 {[%clk 0:01:19]} 49. Qg2 {[%clk 0:09:10]}
Rd8 {[%clk 0:01:15]} 50. Rh1 {[%clk 0:09:34]} Rdd7 {[%clk 0:00:57]} 51. R5h2
{[%clk 0:09:17]} Rd8 {[%clk 0:00:43]} 52. Qh3 {[%clk 0:09:41]} Rdd7 {[%clk
0:00:58]} 53. Qh5 {[%clk 0:10:00]} Qe8 {[%clk 0:00:33]} 54. Qg6 {[%clk 0:09:43]}
Qf8 {[%clk 0:00:39]} 55. Rxh6 {[%clk 0:09:57]} 1-0

[Event "CECLUB Segunda División"]
[Site "Linares"]
[Date "2017.08.09"]
[Round "3"]
[White "Mejuto De Ulloa, Jorge"]
[Black "Ereza Vizcarra, Fernando"]
[Result "1-0"]
[Board "3"]
[WhiteElo "2132"]
[WhiteCountry "ESP"]
[WhiteFideId "2288370"]
[WhiteEloChange "6"]
[BlackElo "1984"]
[BlackCountry "ESP"]
[BlackFideId "22268987"]
[BlackEloChange "-6"]

1. c4 {[%clk 1:27:31]} Nf6 {[%clk 1:30:32]} 2. g3 {[%clk 1:26:05]} g6 {[%clk
1:29:22]} 3. Bg2 {[%clk 1:22:14]} Bg7 {[%clk 1:28:43]} 4. Nc3 {[%clk 1:20:20]}
O-O {[%clk 1:26:33]} 5. e4 {[%clk 1:20:42]} d6 {[%clk 1:26:59]} 6. Nge2 {[%clk
1:21:07]} e5 {[%clk 1:25:44]} 7. O-O {[%clk 1:21:31]} Be6 {[%clk 1:21:20]} 8. d3
{[%clk 1:21:50]} Qc8 {[%clk 1:21:46]} 9. f4 {[%clk 1:21:54]} Bh3 {[%clk 1:20:29]}
10. f5 {[%clk 1:22:15]} Bxg2 {[%clk 1:20:55]} 11. Kxg2 {[%clk 1:22:43]} c6 {[%clk
1:18:52]} 12. h3 {[%clk 1:20:49]} Rd8 {[%clk 1:13:10]} 13. g4 {[%clk 1:20:05]}
Na6 {[%clk 1:09:45]} 14. Bg5 {[%clk 1:17:17]} Nd7 {[%clk 1:04:23]} 15. Bxd8
{[%clk 1:17:27]} Qxd8 {[%clk 1:04:50]} 16. Qd2 {[%clk 1:16:49]} Nc7 {[%clk
0:52:20]} 17. Ng1 {[%clk 1:15:19]} Nc5 {[%clk 0:46:15]} 18. b4 {[%clk 1:15:19]}
N5a6 {[%clk 0:42:50]} 19. a3 {[%clk 1:15:43]} d5 {[%clk 0:43:12]} 20. fxg6 {[%clk
1:14:31]} hxg6 {[%clk 0:43:32]} 21. cxd5 {[%clk 1:14:40]} cxd5 {[%clk 0:43:56]}
22. Qa2 {[%clk 1:13:16]} Qd7 {[%clk 0:43:08]} 23. Nxd5 {[%clk 1:11:26]} Rd8
{[%clk 0:43:08]} 24. Rac1 {[%clk 1:03:57]} Nxd5 {[%clk 0:35:37]} 25. Qxd5 {[%clk
1:04:25]} Qxd5 {[%clk 0:35:37]} 26. exd5 {[%clk 1:04:54]} Rxd5 {[%clk 0:35:58]}
27. Rc8+ {[%clk 1:05:22]} Bf8 {[%clk 0:36:21]} 28. Nf3 {[%clk 1:05:50]} Kg7
{[%clk 0:36:08]} 29. Ng5 {[%clk 1:06:02]} Rd7 {[%clk 0:36:35]} 30. Ne6+ {[%clk
1:01:28]} fxe6 {[%clk 0:32:12]} 31. Rfxf8 {[%clk 1:01:57]} Rxd3 {[%clk 0:30:31]}
32. g5 {[%clk 1:02:25]} Rd7 {[%clk 0:30:14]} 33. Rfd8 {[%clk 1:02:23]} Re7 {[%clk
0:30:03]} 1-0

[Event "CECLUB Segunda División"]
[Site "Linares"]
[Date "2017.08.09"]
[Round "3"]
[White "Buisan Zaharia, Pedro"]
[Black "Millan Soto, Miguel"]
[Result "0-1"]
[Board "4"]
[WhiteElo "1874"]
[WhiteCountry "ESP"]
[WhiteFideId "32055595"]
[WhiteEloChange "-5"]
[BlackElo "2083"]
[BlackCountry "ESP"]
[BlackFideId "2292351"]
[BlackEloChange "5"]

1. d4 {[%clk 1:30:57]} d6 {[%clk 1:28:24]} 2. Nf3 {[%clk 1:30:53]} Nf6 {[%clk
1:28:31]} 3. Bf4 {[%clk 1:30:31]} Nbd7 {[%clk 1:26:51]} 4. e3 {[%clk 1:29:20]}
Nh5 {[%clk 1:23:47]} 5. Bg3 {[%clk 1:19:38]} Nxg3 {[%clk 1:23:25]} 6. hxg3 {[%clk
1:19:33]} g6 {[%clk 1:16:12]} 7. Be2 {[%clk 1:16:00]} Bg7 {[%clk 1:16:35]} 8. O-O
{[%clk 1:14:59]} O-O {[%clk 1:16:53]} 9. c4 {[%clk 1:12:56]} e5 {[%clk 1:11:22]}
10. Nc3 {[%clk 1:10:52]} Re8 {[%clk 1:08:34]} 11. Qd2 {[%clk 1:08:05]} e4 {[%clk
1:07:37]} 12. Ne1 {[%clk 1:07:39]} c6 {[%clk 1:06:30]} 13. Nc2 {[%clk 1:07:08]}
f5 {[%clk 1:04:49]} 14. b4 {[%clk 1:01:43]} Nf6 {[%clk 1:03:20]} 15. a4 {[%clk
1:00:02]} a5 {[%clk 0:57:23]} 16. b5 {[%clk 0:57:31]} c5 {[%clk 0:56:08]} 17.
Rfd1 {[%clk 0:55:21]} Be6 {[%clk 0:51:07]} 18. Rac1 {[%clk 0:44:06]} Rc8 {[%clk
0:49:44]} 19. Na3 {[%clk 0:37:54]} b6 {[%clk 0:43:17]} 20. dxc5 {[%clk 0:34:24]}
dxc5 {[%clk 0:43:00]} 21. Qc2 {[%clk 0:33:11]} Qc7 {[%clk 0:42:58]} 22. Nd5
{[%clk 0:32:34]} Qb7 {[%clk 0:39:25]} 23. Qb3 {[%clk 0:30:15]} Rcd8 {[%clk
0:37:01]} 24. Nb1 {[%clk 0:25:54]} Nxd5 {[%clk 0:36:39]} 25. cxd5 {[%clk
0:25:40]} Rxd5 {[%clk 0:36:25]} 26. Bc4 {[%clk 0:22:27]} Rxd1+ {[%clk 0:30:15]}
27. Rxd1 {[%clk 0:22:50]} Bxc4 {[%clk 0:28:37]} 28. Qxc4+ {[%clk 0:22:56]} Qf7
{[%clk 0:28:15]} 29. Qxf7+ {[%clk 0:19:17]} Kxf7 {[%clk 0:28:40]} 30. Na3 {[%clk
0:19:43]} Be5 {[%clk 0:21:28]} 31. Nc4 {[%clk 0:13:43]} Bc7 {[%clk 0:20:54]} 32.
Nd6+ {[%clk 0:11:09]} Bxd6 {[%clk 0:21:18]} 33. Rxd6 {[%clk 0:11:36]} Re6 {[%clk
0:19:35]} 34. Rd7+ {[%clk 0:10:13]} Kf6 {[%clk 0:19:07]} 35. Rxh7 {[%clk
0:06:12]} Ke5 {[%clk 0:16:02]} 36. f3 {[%clk 0:03:39]} Kd5 {[%clk 0:15:20]} 37.
Kf2 {[%clk 0:02:32]} Kc4 {[%clk 0:15:36]} 38. Rh1 {[%clk 0:02:15]} Kb3 {[%clk
0:15:41]} 0-1

[Event "CECLUB Segunda División"]
[Site "Linares"]
[Date "2017.08.09"]
[Round "3"]
[White "Kurajica, Bojan"]
[Black "Ortega Lopez, Mikel"]
[Result "1-0"]
[Board "1"]
[WhiteTitle "GM"]
[WhiteElo "2525"]
[WhiteCountry "BIH"]
[WhiteFideId "14400057"]
[WhiteEloChange "2"]
[BlackTitle "FM"]
[BlackElo "2244"]
[BlackCountry "ESP"]
[BlackFideId "22252878"]
[BlackEloChange "-3"]

1. Nf3 {[%clk 1:30:57]} d5 {[%clk 1:30:21]} 2. e3 {[%clk 1:31:21]} c5 {[%clk
1:26:46]} 3. b3 {[%clk 1:31:43]} a6 {[%clk 1:24:07]} 4. c4 {[%clk 1:31:14]} Nf6
{[%clk 1:20:40]} 5. cxd5 {[%clk 1:30:46]} Nxd5 {[%clk 1:20:58]} 6. Bb2 {[%clk
1:29:51]} Nb4 {[%clk 1:17:09]} 7. Ne5 {[%clk 1:24:54]} N8c6 {[%clk 1:11:02]} 8.
a3 {[%clk 1:23:14]} Nxe5 {[%clk 1:06:51]} 9. axb4 {[%clk 1:23:34]} Nd3+ {[%clk
1:03:16]} 10. Bxd3 {[%clk 1:22:21]} Qxd3 {[%clk 1:03:37]} 11. bxc5 {[%clk
1:22:47]} Bd7 {[%clk 0:59:07]} 12. f3 {[%clk 1:16:56]} e6 {[%clk 0:53:20]} 13. b4
{[%clk 1:16:36]} b6 {[%clk 0:52:51]} 14. cxb6 {[%clk 0:50:41]} Bxb4 {[%clk
0:52:51]} 15. Qe2 {[%clk 0:50:13]} Qxe2+ {[%clk 0:47:12]} 16. Kxe2 {[%clk
0:50:38]} Bc5 {[%clk 0:47:28]} 17. b7 {[%clk 0:46:25]} Rb8 {[%clk 0:47:53]} 18.
Bxg7 {[%clk 0:46:26]} Rg8 {[%clk 0:48:19]} 19. Be5 {[%clk 0:46:47]} Rxb7 {[%clk
0:48:45]} 20. Kf2 {[%clk 0:46:54]} Bb5 {[%clk 0:46:03]} 21. Rc1 {[%clk 0:46:39]}
Be7 {[%clk 0:43:44]} 22. Rc8+ {[%clk 0:43:59]} Bd8 {[%clk 0:44:10]} 23. Nc3
{[%clk 0:43:55]} Kd7 {[%clk 0:42:59]} 24. Rc5 {[%clk 0:41:27]} Be7 {[%clk
0:35:07]} 25. Ne4 {[%clk 0:41:48]} Bxc5 {[%clk 0:35:27]} 26. Nxc5+ {[%clk
0:39:00]} Kc6 {[%clk 0:34:11]} 27. Rc1 {[%clk 0:38:04]} Rb6 {[%clk 0:30:58]} 28.
Na4+ {[%clk 0:38:07]} 1-0

[Event "CECLUB Segunda División"]
[Site "Linares"]
[Date "2017.08.09"]
[Round "3"]
[White "Urriza Iricibar, Pablo"]
[Black "Barlov, Dragan"]
[Result "0-1"]
[Board "2"]
[WhiteElo "2236"]
[WhiteCountry "ESP"]
[WhiteFideId "22252908"]
[WhiteEloChange "-5"]
[BlackTitle "GM"]
[BlackElo "2425"]
[BlackCountry "SRB"]
[BlackFideId "900214"]
[BlackEloChange "3"]

1. e4 {[%clk 1:30:56]} c5 {[%clk 1:30:44]} 2. Nf3 {[%clk 1:31:13]} e6 {[%clk
1:30:40]} 3. d4 {[%clk 1:31:37]} cxd4 {[%clk 1:31:05]} 4. Nxd4 {[%clk 1:32:01]}
a6 {[%clk 1:30:56]} 5. Nc3 {[%clk 1:32:06]} Qc7 {[%clk 1:29:26]} 6. Bd3 {[%clk
1:32:15]} Nf6 {[%clk 1:28:19]} 7. f4 {[%clk 1:30:45]} d6 {[%clk 1:25:58]} 8. Qe2
{[%clk 1:30:38]} Nc6 {[%clk 1:20:51]} 9. Nxc6 {[%clk 1:18:22]} bxc6 {[%clk
1:21:11]} 10. O-O {[%clk 1:18:31]} e5 {[%clk 1:14:16]} 11. fxe5 {[%clk 1:13:36]}
dxe5 {[%clk 1:14:06]} 12. Qe1 {[%clk 1:13:48]} Be7 {[%clk 1:06:29]} 13. Bc4
{[%clk 1:07:47]} O-O {[%clk 1:03:50]} 14. Kh1 {[%clk 1:07:58]} Bg4 {[%clk
0:55:30]} 15. Bg5 {[%clk 0:46:05]} Bh5 {[%clk 0:53:28]} 16. Qh4 {[%clk 0:38:40]}
Bg6 {[%clk 0:53:41]} 17. Rf3 {[%clk 0:37:55]} Rad8 {[%clk 0:46:24]} 18. Re1
{[%clk 0:31:19]} Rd4 {[%clk 0:45:48]} 19. Bxa6 {[%clk 0:27:44]} Nxe4 {[%clk
0:25:15]} 20. Bxe7 {[%clk 0:21:31]} Nxc3 {[%clk 0:24:57]} 21. Qxd4 {[%clk
0:21:53]} exd4 {[%clk 0:24:55]} 22. Bxf8 {[%clk 0:22:17]} Ne4 {[%clk 0:21:09]}
23. Bd3 {[%clk 0:17:02]} Kxf8 {[%clk 0:20:57]} 24. Bxe4 {[%clk 0:17:28]} Qe5
{[%clk 0:20:02]} 25. Kg1 {[%clk 0:06:11]} Bxe4 {[%clk 0:20:01]} 26. g3 {[%clk
0:06:34]} f5 {[%clk 0:15:55]} 27. Rf4 {[%clk 0:05:48]} Kg8 {[%clk 0:15:53]} 28.
b4 {[%clk 0:05:24]} d3 {[%clk 0:12:23]} 29. cxd3 {[%clk 0:05:34]} Qd4+ {[%clk
0:12:16]} 30. Rf2 {[%clk 0:05:00]} Qxb4 {[%clk 0:11:59]} 31. Rd1 {[%clk 0:03:32]}
Bxd3 {[%clk 0:10:49]} 0-1

[Event "CECLUB Segunda División"]
[Site "Linares"]
[Date "2017.08.09"]
[Round "3"]
[White "Garcia Padron, Jose"]
[Black "Navarrete Delgado, Sergio"]
[Result "1/2-1/2"]
[Board "3"]
[WhiteTitle "IM"]
[WhiteElo "2432"]
[WhiteCountry "ESP"]
[WhiteFideId "2200120"]
[WhiteEloChange "-3"]
[BlackElo "2220"]
[BlackCountry "ESP"]
[BlackFideId "2222515"]
[BlackEloChange "5"]

1. c4 {[%clk 1:29:18]} e6 {[%clk 1:30:51]} 2. Nc3 {[%clk 1:29:43]} Nf6 {[%clk
1:31:15]} 3. d4 {[%clk 1:23:04]} b6 {[%clk 1:31:09]} 4. e4 {[%clk 1:23:23]} Bb4
{[%clk 1:29:06]} 5. Bd3 {[%clk 1:17:16]} Bb7 {[%clk 1:22:45]} 6. Qc2 {[%clk
1:16:27]} c5 {[%clk 1:19:23]} 7. d5 {[%clk 1:15:14]} Qe7 {[%clk 1:12:58]} 8. Ne2
{[%clk 1:14:48]} d6 {[%clk 1:06:43]} 9. O-O {[%clk 1:14:34]} Bxc3 {[%clk
1:01:43]} 10. Qxc3 {[%clk 1:11:30]} Nbd7 {[%clk 1:00:41]} 11. Ng3 {[%clk
1:11:50]} O-O-O {[%clk 0:58:52]} 12. Re1 {[%clk 1:05:26]} h5 {[%clk 0:50:26]} 13.
h3 {[%clk 1:05:51]} Ne5 {[%clk 0:48:07]} 14. Bc2 {[%clk 1:05:29]} h4 {[%clk
0:48:08]} 15. Nf1 {[%clk 1:05:52]} g5 {[%clk 0:48:09]} 16. Bxg5 {[%clk 0:59:11]}
Rdg8 {[%clk 0:47:05]} 17. f4 {[%clk 0:58:48]} Rxg5 {[%clk 0:47:30]} 18. fxg5
{[%clk 0:59:13]} Nh5 {[%clk 0:35:40]} 19. Re2 {[%clk 0:55:18]} Rg8 {[%clk
0:31:32]} 20. b3 {[%clk 0:54:11]} Qxg5 {[%clk 0:23:26]} 21. Qe3 {[%clk 0:54:14]}
Qxe3+ {[%clk 0:23:47]} 22. Rxe3 {[%clk 0:45:25]} Nf4 {[%clk 0:24:13]} 23. g4
{[%clk 0:45:37]} hxg3 {[%clk 0:24:16]} 24. Nxg3 {[%clk 0:42:47]} Nxh3+ {[%clk
0:24:16]} 25. Kf1 {[%clk 0:41:43]} Ng4 {[%clk 0:23:44]} 26. Rc3 {[%clk 0:41:50]}
Nf4 {[%clk 0:21:50]} 27. Re1 {[%clk 0:38:16]} Rh8 {[%clk 0:15:41]} 28. Bd1 {[%clk
0:36:32]} Ne5 {[%clk 0:15:46]} 29. Rc2 {[%clk 0:28:58]} b5 {[%clk 0:13:31]} 30.
dxe6 {[%clk 0:28:55]} fxe6 {[%clk 0:12:55]} 31. cxb5 {[%clk 0:29:09]} a6 {[%clk
0:10:20]} 32. a4 {[%clk 0:26:21]} axb5 {[%clk 0:10:07]} 33. axb5 {[%clk 0:26:44]}
Rf8 {[%clk 0:05:26]} 34. Kg1 {[%clk 0:24:17]} Rg8 {[%clk 0:03:49]} 35. Kh2 {[%clk
0:21:32]} Rh8+ {[%clk 0:04:03]} 36. Kg1 {[%clk 0:21:09]} Rg8 {[%clk 0:04:32]} 37.
Re3 {[%clk 0:16:57]} Bxe4 {[%clk 0:04:53]} 38. Rxe4 {[%clk 0:17:19]} Rxg3+ {[%clk
0:05:22]} 39. Kf2 {[%clk 0:15:41]} Rg2+ {[%clk 0:05:41]} 40. Kf1 {[%clk 0:16:10]}
Rxc2 {[%clk 0:05:45]} 41. Bxc2 {[%clk 0:16:34]} Nd5 {[%clk 0:06:14]} 42. Ke1
{[%clk 0:07:34]} Nc3 {[%clk 0:06:39]} 43. Re3 {[%clk 0:06:49]} Nxb5 {[%clk
0:06:56]} 44. Rg3 {[%clk 0:06:40]} Nd4 {[%clk 0:07:16]} 45. Bd1 {[%clk 0:07:05]}
Kc7 {[%clk 0:07:19]} 46. Kd2 {[%clk 0:07:03]} d5 {[%clk 0:06:28]} 47. Rg7+ {[%clk
0:06:52]} Kd6 {[%clk 0:06:58]} 48. Ra7 {[%clk 0:07:14]} Nec6 {[%clk 0:06:05]} 49.
Rh7 {[%clk 0:07:26]} Ne5 {[%clk 0:06:31]} 50. Ra7 {[%clk 0:07:49]} 1/2-1/2